000 00637nam a22001937a 4500
005 20111219165120.0
020 _a8181467698
_c115.00
020 _a9788181467690
_c115.00
037 _bPUB
100 _aChadha, Radhika
_942634
245 _aYes, hutoxi! /
_cby Radhika Chadha; pictures by Priya Kuriyan
260 _aChennai
_bTulika Publishers
_c2009
270 _a13, Prithvi Avenue, Abhiramaouram
_bChennai
_e600 018
300 _aunpaged
_bill.
_c23cm(pbk)
650 _aStories
_9938
700 _a Kuriyan, Priya
_937178
942 _2ddc
_cCH
_mCHA
999 _c59656
_d59656